KOHA-Header-6

Data Strucrure in C++ Using the Standard Template Library (Record no. 5972)

000 -LEADER
fixed length control field 00287nam a2200109Ia 4500
008 - FIXED-LENGTH DATA ELEMENTS--GENERAL INFORMATION
fixed length control field 190906s9999||||xx |||||||||||||| ||und||
100 ## - MAIN ENTRY--PERSONAL NAME
Personal name Timothy Budd
245 #0 - TITLE STATEMENT
Title Data Strucrure in C++ Using the Standard Template Library
260 ## - PUBLICATION, DISTRIBUTION, ETC. (IMPRINT)
Place of publication, distribution, etc USA
Name of publisher, distributor, etc McGraw-Hill
Date of publication, distribution, etc 1997
300 ## - PHYSICAL DESCRIPTION
Extent 544
942 ## - ADDED ENTRY ELEMENTS (KOHA)
Koha item type Books
Holdings
Withdrawn status Lost status Source of classification or shelving scheme Damaged status Not for loan Collection code Permanent Location Current Location Shelving location Date acquired Full call number Barcode Date last seen Price effective from Koha item type
          Computer Languages MAJU MAJU Shelf No.A18 2019-09-06 005.133 1289 2019-09-06 2019-09-06 Computer Languages

Powered by Koha